00465nam a2200157 450000500170000002000150001708200190003224500780005126000560012930000290018565000290021465000180024371000220026194200070028399900170029020250729174938.0 a0632053070 aCBb660.62 IND aIndustrial microbiology : an introductioncMichale J. Waites... [ et al.] aCambridgebBlackwell Sciencecc2001[reprinted 2002] axi,288p.: ill. ;c25cm. aIndustrial microbiology  aBiotechnology aWaites,Michale J. cBK c57812d57812